000 02871nam a2200373 a 4500
001 ebr10486788
003 CaPaEBR
006 m u
007 cr cn|||||||||
008 110613s2011 enkab sb 001 0 eng d
010 _z 2011280297
020 _z9781848850873 (hbk.)
020 _z1848850875 (hbk.)
020 _z9781848850880 (pbk.)
020 _z1848850883 (pbk.)
020 _z9780857719713 (e-book)
040 _aCaPaEBR
_cCaPaEBR
035 _a(OCoLC)744961586
050 1 4 _aBL1570
_b.R67 2011eb
082 0 4 _a295
_222
100 1 _aRose, Jenny,
_d1956-
245 1 0 _aZoroastrianism
_h[electronic resource] :
_ban introduction /
_cby Jenny Rose.
260 _aLondon :
_bI.B. Tauris,
_c2011.
300 _axxiv, 303 p. :
_bill., maps.
490 1 _aI.B. Tauris introductions to religion
504 _aIncludes bibliographical references (p. [287]-290) and index.
520 8 _a"Zoroastrianism is one of the world's great ancient religions. In present-day Iran significant communities of Zoroastrians (who take their name from the founder of the faith, the remarkable religious reformer Zoroaster, or--in the old Avestan language--Zarathustra) still practise the rituals and teach the moral precepts that once undergirded the officially state-sanctioned faith of the mighty Sasanian empire. Beyond Iran, the Zoroastrian diaspora is significant especially in India, where the Gujurati-speaking community of exiles from post-Sasanian Iran call themselves 'Parsis'. But there are also significant Zoroastrian communities to be found elsewhere, such as in the USA, Britain and Canada, where western cultural contexts have shaped the religion in intriguing ways and directions. This new, thorough and wide-ranging introduction will appeal to anyone interested in discovering more about the faith that bequeathed the contrasting words 'Mary' and 'magic', and whose adherents still live according to the code of Good Thoughts, Good Words, Good Deeds. The central Zoroastrian concept that human beings are continually faced with a choice between the path of 'good' and 'evil', represented by the contrasting figures of Ahura Mazda and Ahriman, inspired thinkers as diverse as Voltaire, Mozart and Nietzsche. Jenny Rose shows why Zoroastrianism remains one of the world's most inspiring and perennially fascinating systems of ethics and belief"--Publisher description, p. [4] of cover.
533 _aElectronic reproduction.
_bPalo Alto, Calif. :
_cebrary,
_d2013.
_nAvailable via World Wide Web.
_nAccess may be limited to ebrary affiliated libraries.
650 0 _aZoroastrianism.
655 7 _aElectronic books.
_2local
710 2 _aebrary, Inc.
830 0 _aI.B. Tauris introductions to religion.
856 4 0 _uhttp://site.ebrary.com/lib/rucke/Doc?id=10486788
_zAn electronic book accessible through the World Wide Web; click to view
999 _c125316
_d125316